00497nam a2200193Ia 4500003000400000005001700004008004100021020002000062040000700082041000800089082001600097100001900113245004800132260003900180300001700219365001600236650001400252650003700266OSt20230516141642.0210423s2005 xx 000 0 und d a978-486-44307-8 cAL aeng a541.28 COOH aCOOK (DAVID B) aHandbook of computational quantum chemistry aNew YorkbDover publicationsc2005 axxiv,789bPB b2636.7cINR aChemistry aPhysical & Theoretical Chemistry